1023 1642 1578 1463 1199 1187 1673 1786 1181 1170 1330 1113 1046 1846 1342 1232 1383 1068 1066 1626 1018 1115 1476 1170 1578 1725 1688 1041 1378 1391 1071 1086 1498 1417 1686 1832 1857 1395 1848 1991 1907 1332 1554 1329 1261 1652 1344 1789 1893 1408 1249 1283 1186 1438 1245 1458 1144 1747 1165 1630 1797 1760 1020 1984 1755 1491 1630 1109 1454 1850 1977 1852 1098 1819 1675 1690 1731 1612 2000 1664 1986 1759 1931 1431 1416 1083 1589 1513 1535 1951 1781 1681 1091 1263 1888 1845 1083 1489 1471 BCNSPRNW ULIB Ver.6.0+V

เปลี่ยนเป็นภาษาไทย

Change to English
 แสดงรายละเอียดบรรณานุกรม
  กลับหน้าหลัก

Brief Record : Get Marc (ISO 2709) : E-mail record : QR code < ปิดหน้าต่าง
LEADER : 00000nam a2200337 a 4500
001    13399114530
003     ULIB
008    120411s||||||||th 000 0 tha d
020    ^a9781605476278
060 04 ^aWY152^bL765
245 00 ^aLippincott s nursing guide to expert elder care.^c[editor by] Margaret Eckman
246 13 ^aNursing guide to expert elder care.
260    ^aPhiladelphia :^bWolters Kluwer Health/Lippincott Williams,^c2011
300    ^aviii, 424 p. :^bill. ;^c23 cm.
500    ^aSend to Single Search
504    ^aIncludes bibliographical references and index.
650  2 ^aGeriatric Nursing^xmethods.
650  2 ^aAged^xphysiology.
650  2 ^aAged^xpsychology.
650  2 ^aNursing Care^xmethods.
710 2  ^aLippincott Williams & Wilkins.
945    ^p0^l0^i031633
995    ^a Kesorn
999 ^a ใช้งานได้ทุกระบบ
รายการนี้ยังไม่มีแท็ก
คุณยังไม่ได้ล็อกอิน คุณสามารถมีกิจกรรมร่วมกับเว็บไซต์ได้ แต่ต้องล็อกอินก่อน ::
  ล็อกอิน

รายการสื่อสารสนเทศ

ลำดับที่ ประเภท เลขเรียก/บาร์โค้ด สถานที่ สถานะ
- ไม่พบข้อมูล -

BibComment


ยังไม่เคยถูกคอมเมนท์

คอมเมนท์ทรัพยากรรายการนี้
  คอมเมนท์: Lippincott s nur..


 Copyright 2026. Bcnsprnw @Library